[Event "7. Arber-Senioren-Cup 2019"]
[Site "Bodenmais"]
[Date "2019.07.28"]
[Round "2.9"]
[White "Hilbig, Dieter"]
[Black "Augustin, Christian"]
[Result "1-0"]
[WhiteElo "1943"]
[BlackElo "1971"]
[Annotator "NA RC"]
[PlyCount "93"]
[EventDate "2019.07.27"]
[EventType "swiss"]
[EventCountry "GER"]
[SourceTitle "playchess.com"]
[Source "ChessBase"]
[SourceQuality "1"]
[TimeControl "5400+30"]

1. e4 {[%emt 0:00:00]} e6 {[%emt 0:00:00]} 2. d4 {[%emt 0:00:00]} b6 {[%emt 0:00:00]} 3. Bf4 {[%emt 0:00:00]} Bb7 {[%emt 0:00:00]} 4. Nd2 {[%emt 0:00:00]} Ne7 {[%emt 0:00:00]} 5. Bd3 {[%emt 0:00:00]} d6 {[%emt 0:00:00]} 6. Ngf3 {[%emt 0:00:00]} g6 {[%emt 0:00:00]} 7. c3 {[%emt 0:00:00]} Bg7 {[%emt 0:00:00]} 8. Qc2 {[%emt 0:00:00]} a6 {[%emt 0:00:00]} 9. h4 {[%emt 0:00:00]} h6 {[%emt 0:00:00]} 10. O-O-O {[%emt 0:00:00]} Nd7 {[%emt 0:00:00]} 11. Nc4 {[%emt 0:00:00]} b5 {[%emt 0:00:00]} 12. Na5 {[%emt 0:00:00]} Ra7 {[%emt 0:00:00]} 13. Nxb7 {[%emt 0:00:00]} Rxb7 {[%emt 0:00:00]} 14. Rhe1 {[%emt 0:00:00]} a5 {[%emt 0:00:00]} 15. Qe2 {[%emt 0:00:00]} Qb8 {[%emt 0:00:00]} 16. g4 {[%emt 0:00:00]} h5 {[%emt 0:00:00]} 17. gxh5 {[%emt 0:00:00]} Rxh5 {[%emt 0:00:00]} 18. Kb1 {[%emt 0:06:51]} e5 {[%emt 0:01:34]} 19. Bg3 {[%emt 0:09:06]} b4 {[%emt 0:06:05]} 20. cxb4 {[%emt 0:01:07]} Rxb4 {[%emt 0:00:44]} 21. d5 {[%emt 0:06:50]} Nc5 {[%emt 0:01:56]} 22. Bc4 {[%emt 0:07:37]} Na4 {[%emt 0:06:21]} 23. Bb3 {[%emt 0:01:22]} Nc5 {[%emt 0:03:59]} 24. Bc4 {[%emt 0:01:53]} Bh6 {[%emt 0:05:19]} 25. Ka1 {[%emt 0:03:15]} Nc8 {[%emt 0:02:35]} 26. Rb1 {[%emt 0:06:05]} Nb6 {[%emt 0:20:11]} 27. b3 {[%emt 0:08:31]} a4 {[%emt 0:00:42]} 28. bxa4 {[%emt 0:04:16]} Rxb1+ {[%emt 0:12:49]} 29. Rxb1 {[%emt 0:00:12]} Qa7 {[%emt 0:00:12]} 30. Bb5+ {[%emt 0:03:06]} Ke7 {[%emt 0:00:38]} 31. Qc2 {[%emt 0:03:50]} f6 {[%emt 0:03:16]} 32. Ne1 {[%emt 0:02:58]} g5 {[%emt 0:02:10]} 33. Be2 {[%emt 0:00:27]} Rxh4 {[%emt 0:02:46]} 34. Bxh4 {[%emt 0:00:10]} gxh4 {[%emt 0:00:11]} 35. Bb5 {[%emt 0:02:28]} Qa5 {[%emt 0:04:04]} 36. Nd3 {[%emt 0:02:53]} Bd2 {[%emt 0:00:16]} 37. a3 {[%emt 0:03:16]} Qc3+ {[%emt 0:05:33]} 38. Qxc3 {[%emt 0:00:34]} Bxc3+ {[%emt 0:01:14]} 39. Ka2 {[%emt 0:00:31]} Nxe4 {[%emt 0:00:40]} 40. Rc1 {[%emt 0:08:15]} Nxd5 {[%emt 0:06:09]} 41. Bc6 {[%emt 0:01:29]} Bd2 {[%emt 0:02:23]} 42. Rc2 {[%emt 0:02:24]} Nec3+ {[%emt 0:01:09]} 43. Kb3 {[%emt 0:01:20]} e4 {[%emt 0:01:49]} 44. Rxd2 {[%emt 0:01:55]} h3 {[%emt 0:00:55]} 45. Bxd5 {[%emt 0:02:45]} Nxd5 {[%emt 0:00:35]} 46. Nb4 {[%emt 0:01:02]} Nf4 {[%emt 0:00:39]} 47. Nd5+ {[%emt 0:00:38]} 1-0

[Event "7. Arber-Senioren-Cup 2019"]
[Site "Bodenmais"]
[Date "2019.07.28"]
[Round "2.10"]
[White "Hamlack, Heinz"]
[Black "Ketzscher, Roland"]
[Result "1-0"]
[WhiteElo "1986"]
[BlackElo "1917"]
[Annotator "NA RC"]
[PlyCount "71"]
[EventDate "2019.07.27"]
[EventType "swiss"]
[EventCountry "GER"]
[SourceTitle "playchess.com"]
[Source "ChessBase"]
[SourceQuality "1"]
[TimeControl "5400+30"]

1. Nf3 {[%emt 0:00:00]} Nf6 {[%emt 0:00:00]} 2. d4 {[%emt 0:00:00]} e6 {[%emt 0:00:00]} 3. e3 {[%emt 0:00:00]} d5 {[%emt 0:00:00]} 4. Be2 {[%emt 0:00:00]} Nbd7 {[%emt 0:00:00]} 5. O-O {[%emt 0:00:00]} Bd6 {[%emt 0:00:00]} 6. b3 {[%emt 0:00:00]} O-O {[%emt 0:00:00]} 7. c4 {[%emt 0:00:00]} c6 {[%emt 0:00:00]} 8. Bb2 {[%emt 0:00:00]} Re8 {[%emt 0:00:00]} 9. Ne5 {[%emt 0:00:00]} Qc7 {[%emt 0:00:00]} 10. f4 {[%emt 0:00:00]} Ne4 {[%emt 0:00:00]} 11. Nd2 {[%emt 0:00:00]} f5 {[%emt 0:00:00]} 12. Nxe4 {[%emt 0:00:00]} fxe4 {[%emt 0:00:00]} 13. Qe1 {[%emt 0:00:00]} Nxe5 {[%emt 0:00:00]} 14. fxe5 {[%emt 0:00:00]} Be7 {[%emt 0:00:00]} 15. Bh5 {[%emt 0:04:54]} Rf8 {[%emt 0:00:00]} 16. Rxf8+ {[%emt 0:01:13]} Bxf8 {[%emt 0:00:00]} 17. Qf2 {[%emt 0:00:08]} g6 {[%emt 0:01:45]} 18. Rf1 {[%emt 0:04:03]} Qg7 {[%emt 0:00:48]} 19. Bg4 {[%emt 0:00:39]} Be7 {[%emt 0:01:36]} 20. cxd5 {[%emt 0:01:01]} cxd5 {[%emt 0:05:59]} 21. Rc1 {[%emt 0:00:23]} Bd7 {[%emt 0:09:14]} 22. Rc7 {[%emt 0:01:34]} Rf8 {[%emt 0:00:54]} 23. Qe2 {[%emt 0:00:50]} h5 {[%emt 0:02:29]} 24. Bh3 {[%emt 0:04:26]} Bc6 {[%emt 0:04:24]} 25. Bxe6+ {[%emt 0:00:15]} Kh8 {[%emt 0:00:12]} 26. Ba3 {[%emt 0:00:49]} Re8 {[%emt 0:00:38]} 27. Bxe7 {[%emt 0:02:27]} Rxe7 {[%emt 0:00:09]} 28. Rc8+ {[%emt 0:00:03]} Kh7 {[%emt 0:01:43]} 29. Bg8+ {[%emt 0:10:33]} Kh6 {[%emt 0:00:32]} 30. Qf2 {[%emt 0:03:41]} Rc7 {[%emt 0:16:48]} 31. Rf8 {[%emt 0:05:09]} Be8 {[%emt 0:01:15]} 32. h4 {[%emt 0:00:28]} Qe7 {[%emt 0:03:19]} 33. Bxd5 {[%emt 0:01:47]} Kg7 {[%emt 0:05:54]} 34. Qf6+ {[%emt 0:03:03]} Qxf6 {[%emt 0:00:52]} 35. Rxf6 {[%emt 0:00:03]} Rc1+ {[%emt 0:02:30]} 36. Kf2 {[%emt 0:00:51]} 1-0

[Event "7. Arber-Senioren-Cup 2019"]
[Site "Bodenmais"]
[Date "2019.07.28"]
[Round "2.11"]
[White "Supplieth, Peter"]
[Black "Godoj, Veit"]
[Result "1/2-1/2"]
[WhiteElo "1880"]
[BlackElo "1995"]
[Annotator "NA RC"]
[PlyCount "26"]
[EventDate "2019.07.27"]
[EventType "swiss"]
[EventCountry "GER"]
[SourceTitle "playchess.com"]
[Source "ChessBase"]
[SourceQuality "1"]
[TimeControl "5400+30"]

1. e4 {[%emt 0:00:00]} d5 {[%emt 0:00:00]} 2. exd5 {[%emt 0:00:00]} Qxd5 {[%emt 0:00:00]} 3. Nc3 {[%emt 0:00:00]} Qd6 {[%emt 0:00:00]} 4. d4 {[%emt 0:00:00]} Nf6 {[%emt 0:00:00]} 5. Nf3 {[%emt 0:00:00]} a6 {[%emt 0:00:00]} 6. h3 {[%emt 0:00:00]} b5 {[%emt 0:00:00]} 7. Be3 {[%emt 0:00:00]} Bb7 {[%emt 0:00:00]} 8. Be2 {[%emt 0:00:00]} e6 {[%emt 0:00:00]} 9. Qd2 {[%emt 0:00:00]} Nbd7 {[%emt 0:00:00]} 10. a3 {[%emt 0:00:00]} Be7 {[%emt 0:00:00]} 11. Rg1 {[%emt 0:00:00]} c5 {[%emt 0:00:00]} 12. dxc5 {[%emt 0:00:00]} Qxd2+ {[%emt 0:00:00]} 13. Nxd2 {[%emt 0:00:00]} Bxc5 {[%emt 0:00:00]} 1/2-1/2

[Event "7. Arber-Senioren-Cup 2019"]
[Site "Bodenmais"]
[Date "2019.07.28"]
[Round "2.12"]
[White "Kurka, Dieter"]
[Black "Riedl, Maximilian"]
[Result "1/2-1/2"]
[WhiteElo "2006"]
[BlackElo "1905"]
[Annotator "NA RC"]
[PlyCount "88"]
[EventDate "2019.07.27"]
[EventType "swiss"]
[EventCountry "GER"]
[SourceTitle "playchess.com"]
[Source "ChessBase"]
[SourceQuality "1"]
[TimeControl "5400+30"]

1. d4 {[%emt 0:00:00]} d5 {[%emt 0:00:00]} 2. Bf4 {[%emt 0:00:00]} Nf6 {[%emt 0:00:00]} 3. e3 {[%emt 0:00:00]} Bf5 {[%emt 0:00:00]} 4. c3 {[%emt 0:00:00]} c6 {[%emt 0:00:00]} 5. Nd2 {[%emt 0:00:00]} Nbd7 {[%emt 0:00:00]} 6. h3 {[%emt 0:00:00]} Qb6 {[%emt 0:00:00]} 7. b4 {[%emt 0:00:00]} Ne4 {[%emt 0:00:00]} 8. Nxe4 {[%emt 0:00:00]} Bxe4 {[%emt 0:00:00]} 9. Nf3 {[%emt 0:00:00]} f6 {[%emt 0:00:00]} 10. Nd2 {[%emt 0:00:00]} Bg6 {[%emt 0:00:00]} 11. Be2 {[%emt 0:00:00]} e5 {[%emt 0:00:00]} 12. Bg3 {[%emt 0:00:00]} Bd6 {[%emt 0:00:00]} 13. O-O Qc7 {[%emt 0:00:00]} 14. Qb3 {[%emt 0:00:00]} Bf7 {[%emt 0:00:00]} 15. Rfe1 {[%emt 0:07:09]} O-O {[%emt 0:00:00]} 16. Rac1 {[%emt 0:03:28]} b5 {[%emt 0:00:00]} 17. Qc2 {[%emt 0:10:00]} e4 {[%emt 0:00:00]} 18. Bxd6 {[%emt 0:00:49]} Qxd6 {[%emt 0:00:00]} 19. f4 {[%emt 0:03:17]} g5 {[%emt 0:00:00]} 20. g3 {[%emt 0:02:15]} h5 {[%emt 0:00:00]} 21. Rf1 {[%emt 0:10:48]} Kg7 {[%emt 0:02:41]} 22. Kg2 {[%emt 0:02:57]} Rh8 {[%emt 0:00:36]} 23. h4 {[%emt 0:03:25]} gxh4 {[%emt 0:02:57]} 24. gxh4 {[%emt 0:00:01]} f5 {[%emt 0:00:21]} 25. Nb3 {[%emt 0:01:04]} Nf6 {[%emt 0:00:52]} 26. Rh1 {[%emt 0:00:55]} Ng4 {[%emt 0:00:24]} 27. Bxg4 {[%emt 0:00:07]} hxg4 {[%emt 0:00:20]} 28. Kg3 {[%emt 0:00:27]} Rh6 {[%emt 0:01:37]} 29. Rh2 {[%emt 0:02:04]} Rah8 {[%emt 0:04:38]} 30. Nc5 {[%emt 0:01:33]} Qd8 {[%emt 0:03:20]} 31. Rch1 {[%emt 0:00:34]} Qb6 {[%emt 0:07:36]} 32. Nb3 {[%emt 0:04:55]} Be6 {[%emt 0:02:20]} 33. a3 {[%emt 0:00:34]} Bc8 {[%emt 0:00:24]} 34. Qa2 {[%emt 0:02:21]} a6 {[%emt 0:04:04]} 35. a4 {[%emt 0:00:37]} Qd8 {[%emt 0:04:13]} 36. axb5 {[%emt 0:00:45]} cxb5 {[%emt 0:00:51]} 37. Nc5 {[%emt 0:01:08]} Kf8 {[%emt 0:08:20]} 38. Qa3 {[%emt 0:08:02]} Ke8 {[%emt 0:00:19]} 39. Qa2 {[%emt 0:00:55]} R8h7 {[%emt 0:01:08]} 40. Qa5 {[%emt 0:01:43]} Qxa5 {[%emt 0:00:29]} 41. bxa5 {[%emt 0:00:01]} Kd8 {[%emt 0:00:49]} 42. Rb1 {[%emt 0:00:32]} Kc7 {[%emt 0:00:55]} 43. Rb4 {[%emt 0:00:26]} Kc6 {[%emt 0:00:36]} 44. Rb1 {[%emt 0:00:14]} Rh8 1/2-1/2

[Event "7. Arber-Senioren-Cup 2019"]
[Site "Bodenmais"]
[Date "2019.07.28"]
[Round "2.13"]
[White "Pisz, Bretislav"]
[Black "Puehn, Georg"]
[Result "1/2-1/2"]
[WhiteElo "1599"]
[BlackElo "1990"]
[Annotator "NA RC"]
[PlyCount "59"]
[EventDate "2019.07.27"]
[EventType "swiss"]
[EventCountry "GER"]
[SourceTitle "playchess.com"]
[Source "ChessBase"]
[SourceQuality "1"]
[TimeControl "5400+30"]

1. c4 {[%emt 0:00:00]} Nf6 {[%emt 0:00:00]} 2. Nc3 e6 3. e4 {[%emt 0:00:00]} d5 {[%emt 0:00:00]} 4. e5 {[%emt 0:00:00]} d4 {[%emt 0:00:00]} 5. exf6 {[%emt 0:00:00]} dxc3 {[%emt 0:00:00]} 6. bxc3 {[%emt 0:00:00]} Qxf6 {[%emt 0:00:00]} 7. Nf3 {[%emt 0:00:00]} c5 {[%emt 0:00:00]} 8. Rb1 {[%emt 0:00:00]} Bd6 {[%emt 0:00:00]} 9. d4 {[%emt 0:00:00]} h6 {[%emt 0:01:17]} 10. Be3 {[%emt 0:00:00]} O-O {[%emt 0:10:16]} 11. Rb3 {[%emt 0:00:00]} Nc6 {[%emt 0:02:24]} 12. dxc5 {[%emt 0:00:00]} Bc7 {[%emt 0:00:33]} 13. Qc2 {[%emt 0:01:48]} e5 {[%emt 0:05:00]} 14. Bd3 {[%emt 0:11:40]} Re8 {[%emt 0:03:04]} 15. Nd2 {[%emt 0:01:18]} Qe6 {[%emt 0:06:31]} 16. O-O {[%emt 0:05:00]} f5 {[%emt 0:01:04]} 17. f3 {[%emt 0:03:58]} Rb8 {[%emt 0:02:36]} 18. h3 {[%emt 0:01:48]} Qf7 {[%emt 0:03:19]} 19. g4 {[%emt 0:01:49]} Ne7 {[%emt 0:01:15]} 20. c6 {[%emt 0:02:00]} Nxc6 {[%emt 0:00:58]} 21. h4 {[%emt 0:09:47]} Qe7 {[%emt 0:02:43]} 22. Bxf5 {[%emt 0:04:53]} Qxh4 {[%emt 0:04:19]} 23. Bf2 {[%emt 0:04:33]} Qe7 {[%emt 0:00:14]} 24. Bg6 {[%emt 0:02:58]} Rf8 {[%emt 0:01:08]} 25. Kg2 {[%emt 0:09:21]} Be6 {[%emt 0:04:04]} 26. Rh1 {[%emt 0:01:27]} Qf6 {[%emt 0:04:44]} 27. Bh4 {[%emt 0:03:36]} Qf4 {[%emt 0:01:17]} 28. Bg3 {[%emt 0:00:17]} Qf6 {[%emt 0:02:09]} 29. Bh4 {[%emt 0:00:39]} Qf4 {[%emt 0:00:07]} 30. Bg3 {[%emt 0:00:20]} 1/2-1/2

[Event "7. Arber-Senioren-Cup 2019"]
[Site "Bodenmais"]
[Date "2019.07.28"]
[Round "2.14"]
[White "Nickl, Klaus"]
[Black "Latzel, Wolfgang"]
[Result "1/2-1/2"]
[WhiteElo "1988"]
[BlackElo "1881"]
[Annotator "NA RC"]
[PlyCount "42"]
[EventDate "2019.07.27"]
[EventType "swiss"]
[EventCountry "GER"]
[SourceTitle "playchess.com"]
[Source "ChessBase"]
[SourceQuality "1"]
[TimeControl "5400+30"]

1. d4 {[%emt 0:00:00]} d6 {[%emt 0:00:00]} 2. Nf3 {[%emt 0:00:00]} g6 {[%emt 0:00:00]} 3. Bf4 {[%emt 0:00:00]} Bg7 {[%emt 0:00:00]} 4. e3 {[%emt 0:00:00]} Nd7 {[%emt 0:00:00]} 5. c3 {[%emt 0:00:00]} e5 {[%emt 0:00:00]} 6. Bg3 {[%emt 0:00:00]} Qe7 {[%emt 0:00:00]} 7. Be2 {[%emt 0:00:00]} Nh6 {[%emt 0:00:00]} 8. Na3 {[%emt 0:00:00]} a6 {[%emt 0:00:00]} 9. Bh4 {[%emt 0:00:00]} f6 {[%emt 0:00:00]} 10. dxe5 {[%emt 0:00:00]} dxe5 {[%emt 0:00:00]} 11. e4 {[%emt 0:00:00]} Nf7 {[%emt 0:00:00]} 12. Qc2 {[%emt 0:00:00]} Bh6 {[%emt 0:00:00]} 13. Nc4 {[%emt 0:00:00]} Nb6 {[%emt 0:00:00]} 14. Nxb6 {[%emt 0:01:13]} cxb6 {[%emt 0:00:00]} 15. Bc4 {[%emt 0:02:33]} Be6 {[%emt 0:00:00]} 16. Qb3 {[%emt 0:02:12]} Bxc4 {[%emt 0:00:00]} 17. Qxc4 {[%emt 0:00:09]} Rd8 {[%emt 0:00:00]} 18. Rd1 {[%emt 0:02:22]} O-O {[%emt 0:00:00]} 19. O-O {[%emt 0:00:10]} Kh8 {[%emt 0:00:00]} 20. Qe2 {[%emt 0:04:29]} b5 {[%emt 0:00:00]} 21. Rxd8 {[%emt 0:06:11]} Rxd8 {[%emt 0:00:00]} 1/2-1/2

[Event "7. Arber-Senioren-Cup 2019"]
[Site "Bodenmais"]
[Date "2019.07.28"]
[Round "2.15"]
[White "Berger, Siegfried"]
[Black "Limberg, Siegfried"]
[Result "1-0"]
[WhiteElo "1548"]
[BlackElo "1983"]
[Annotator "NA RC"]
[PlyCount "100"]
[EventDate "2019.07.27"]
[EventType "swiss"]
[EventCountry "GER"]
[SourceTitle "playchess.com"]
[Source "ChessBase"]
[SourceQuality "1"]
[TimeControl "5400+30"]

1. e4 {[%emt 0:00:00]} c5 {[%emt 0:00:00]} 2. Nf3 {[%emt 0:00:00]} e6 {[%emt 0:00:00]} 3. Nc3 {[%emt 0:00:00]} a6 {[%emt 0:00:00]} 4. a3 {[%emt 0:00:00]} Nc6 {[%emt 0:00:00]} 5. d4 {[%emt 0:00:00]} cxd4 {[%emt 0:00:00]} 6. Nxd4 {[%emt 0:00:00]} d6 {[%emt 0:00:00]} 7. Nxc6 {[%emt 0:00:00]} bxc6 {[%emt 0:00:00]} 8. Bd3 {[%emt 0:00:00]} Nf6 {[%emt 0:00:00]} 9. O-O {[%emt 0:00:00]} Be7 {[%emt 0:00:00]} 10. Re1 {[%emt 0:00:00]} e5 {[%emt 0:00:00]} 11. h3 {[%emt 0:00:00]} O-O {[%emt 0:00:00]} 12. Be3 {[%emt 0:00:00]} d5 13. exd5 cxd5 {[%emt 0:00:00]} 14. Bg5 {[%emt 0:00:00]} e4 {[%emt 0:00:00]} 15. Be2 {[%emt 0:00:00]} Be6 {[%emt 0:00:00]} 16. Be3 {[%emt 0:00:00]} Qd7 {[%emt 0:03:02]} 17. f3 {[%emt 0:05:55]} Rfd8 {[%emt 0:05:45]} 18. Bd4 {[%emt 0:03:22]} Qc6 {[%emt 0:02:15]} 19. Qd2 {[%emt 0:04:32]} Bc5 {[%emt 0:03:43]} 20. Bd1 {[%emt 0:10:06]} Rab8 {[%emt 0:05:22]} 21. b4 {[%emt 0:01:52]} Bxd4+ {[%emt 0:04:58]} 22. Qxd4 {[%emt 0:00:18]} exf3 {[%emt 0:01:51]} 23. Bxf3 {[%emt 0:03:41]} Rdc8 {[%emt 0:08:05]} 24. Re3 {[%emt 0:01:15]} Qc4 {[%emt 0:16:43]} 25. Qxc4 {[%emt 0:03:02]} Rxc4 {[%emt 0:00:45]} 26. Na4 {[%emt 0:06:06]} a5 {[%emt 0:07:02]} 27. c3 {[%emt 0:02:00]} axb4 {[%emt 0:00:30]} 28. cxb4 {[%emt 0:00:49]} d4 {[%emt 0:03:04]} 29. Ree1 {[%emt 0:01:39]} d3 {[%emt 0:02:12]} 30. Rad1 {[%emt 0:05:09]} Bf5 {[%emt 0:05:02]} 31. g4 {[%emt 0:08:11]} Bg6 {[%emt 0:00:38]} 32. Nc5 {[%emt 0:04:29]} Rc3 {[%emt 0:00:57]} 33. g5 {[%emt 0:02:10]} Ne8 {[%emt 0:05:10]} 34. a4 {[%emt 0:08:09]} h6 {[%emt 0:01:58]} 35. gxh6 {[%emt 0:01:37]} gxh6 {[%emt 0:00:08]} 36. Be4 {[%emt 0:04:02]} f5 {[%emt 0:12:22]} 37. Bd5+ {[%emt 0:07:56]} Bf7 {[%emt 0:01:30]} 38. Bxf7+ {[%emt 0:00:19]} Kxf7 {[%emt 0:00:06]} 39. Nxd3 {[%emt 0:00:51]} Kf6 {[%emt 0:01:45]} 40. Nf4 {[%emt 0:02:55]} Nc7 {[%emt 0:03:08]} 41. Rb1 {[%emt 0:02:42]} Rc4 {[%emt 0:01:54]} 42. Nd3 {[%emt 0:00:49]} Nd5 {[%emt 0:01:14]} 43. b5 {[%emt 0:02:53]} Rxa4 {[%emt 0:00:36]} 44. Nc5 {[%emt 0:00:06]} Rg8+ {[%emt 0:00:59]} 45. Kh1 {[%emt 0:00:20]} Ra3 {[%emt 0:02:55]} 46. Re6+ {[%emt 0:00:42]} Kf7 {[%emt 0:02:14]} 47. Rxh6 {[%emt 0:01:08]} Rgg3 {[%emt 0:00:56]} 48. Kh2 {[%emt 0:01:14]} Nf4 49. b6 Rg2+ 50. Kh1 Raa2 1-0

[Event "7. Arber-Senioren-Cup 2019"]
[Site "Bodenmais"]
[Date "2019.07.28"]
[Round "2.16"]
[White "Pribyl, Josef"]
[Black "Kirschner, Torsten"]
[Result "1-0"]
[WhiteElo "2234"]
[BlackElo "1767"]
[Annotator "RC"]
[PlyCount "47"]
[EventDate "2019.07.27"]
[EventType "swiss"]
[EventCountry "GER"]
[SourceTitle "playchess.com"]
[Source "ChessBase"]
[SourceQuality "1"]
[TimeControl "5400+30"]

1. d4 {[%emt 0:00:00]} Nf6 {[%emt 0:00:00]} 2. Nf3 {[%emt 0:00:00]} g6 {[%emt 0:00:00]} 3. g3 {[%emt 0:00:00]} Bg7 {[%emt 0:00:00]} 4. Bg2 {[%emt 0:00:00]} O-O {[%emt 0:00:00]} 5. O-O {[%emt 0:00:00]} d6 {[%emt 0:00:00]} 6. Nc3 {[%emt 0:00:00]} c6 {[%emt 0:00:00]} 7. e4 {[%emt 0:00:00]} a5 {[%emt 0:00:00]} 8. a4 {[%emt 0:00:00]} Na6 {[%emt 0:00:00]} 9. h3 {[%emt 0:00:00]} Qc7 {[%emt 0:00:00]} 10. Be3 {[%emt 0:00:00]} Nb4 {[%emt 0:00:00]} 11. Qd2 {[%emt 0:00:00]} Re8 {[%emt 0:00:00]} 12. Rfd1 {[%emt 0:00:00]} e5 {[%emt 0:00:00]} 13. Rac1 {[%emt 0:00:00]} Be6 {[%emt 0:00:00]} 14. Bh6 {[%emt 0:00:00]} Bh8 {[%emt 0:00:00]} 15. Qg5 {[%emt 0:00:00]} Nh5 {[%emt 0:00:00]} 16. Rd2 {[%emt 0:00:00]} Qe7 {[%emt 0:00:00]} 17. Qxe7 {[%emt 0:00:00]} Rxe7 {[%emt 0:00:00]} 18. dxe5 {[%emt 0:00:00]} dxe5 {[%emt 0:00:00]} 19. Rcd1 {[%emt 0:00:00]} f6 {[%emt 0:00:00]} 20. Bf1 {[%emt 0:00:00]} Kf7 {[%emt 0:04:42]} 21. Be3 {[%emt 0:00:00]} Ke8 {[%emt 0:00:59]} 22. Bb6 {[%emt 0:00:00]} Rd7 {[%emt 0:04:57]} 23. Kg2 {[%emt 0:00:00]} Nxc2 {[%emt 0:01:28]} 24. Rxc2 {[%emt 0:00:00]} 1-0